ბათუმის შოთა რუსთაველის სახელმწიფო უნივერსიტეტის ბიბლიოთეკა

საქართველოს ჩვეულებითი სჯული / (ბიბ.ჩანაწერი № 38019)

000 -ლიდერი
ფიქსირებული სიგრძის საკონტროლო ველი 01226nam a2200265Ia 4500
001 - საკონტროლო ნომერი
საკონტროლო ველი 4004
003 - საკონტროლო ნომრის იდენტიფიკატორი
საკონტროლო ველი GE_BSU
005 - ბოლო ოპერაციის თარიღი და დრო
საკონტროლო ველი 20190827143346.0
008 - ფიქსირებული სიგრძის მონაცემთა ელემენტები - ზოგადი ინფორმაცია
ფიქსირებული სიგრძის საკონტროლო ველი 181216s1960||||ge |||||||||||||| ||geo||
040 ## - კატალოგიზაციის წყარო
Transcribing agency GE_BSU
041 ## - ენის კოდი
Language code of text/sound track or separate title geo
080 ## - უნივერსალური ათობითი კლასიფიკაციის ინდექსი
Universal Decimal Classification number 34(479.22) დ–71
100 ## - მთავარი ჩანაწერი - პიროვნების სახელი
Personal name დოლიძე, ი.
9 (RLIN) 3777
245 ## - ცნობა სათაურის შესახებ
Title საქართველოს ჩვეულებითი სჯული /
Statement of responsibility, etc რედ. ი. აბულაძე ; საქ. სსრ მეცნ. აკადემია.
264 ## - წარმოების, გამოცემის, დისტრიბუციის და სხვა ცნობები
გამოცემის, წარმოების, დისტრიბუციის... ადგილი თბ. :
გამოცემის, წარმოების, დისტრიბუციის... სახელწოდება საქ. სსრ მეცნ. აკად. გამ-ბა,
გამოცემის, წარმოების, დისტრიბუციის... თარიღი 1960.
300 ## - ფიზიკური აღწერა
Extent 200 გვ. ;
Other physical details 22 სმ.
500 ## - ზოგადი შენიშვნა
General note დამატ. თაფურც. რუს. ენ.
501 ## - შენიშვნა თანმხლებ მასალაზე
With note დანართი:"ლექსიკონი", გვ.157;"დანართი", გვ.181-189.
504 ## - BIBLIOGRAPHY, ETC. NOTE
Bibliography, etc ბიბლიოგრ. შენიშვნებში.
653 ## - INDEX TERM--UNCONTROLLED
Uncontrolled term საქართველოს ჩვეულებათა სჯული.
700 ## - ADDED ENTRY--PERSONAL NAME
Personal name აბულაძე, ი.
Relator term რედაქტორი
9 (RLIN) 3805
710 ## - ADDED ENTRY--CORPORATE NAME
Corporate name or jurisdiction name as entry element საქ. სსრ მეცნ. აკადემია.
9 (RLIN) 3806
942 ## - ADDED ENTRY ELEMENTS (KOHA)
Koha item type წიგნი
Source of classification or shelving scheme
ეგზემპლარები
ჩამოწერის სტატუსი დაკარგული ეგზემპლარის სტატუსი კლასიფიკაციის წყარო ან თაროზე გაწყობის სქემა დაზიანების სტატუსი არ გაიცემა მუდმივი მდებარეობა (დაცვის ადგილი) ამჟამინდელი ადგილსამყოფელი თაროზე განთავსების ადგილი შეძენის თარიღი ღირებულება, შესყიდვის ნორმალური ფასი სრული შენახვის შიფრი შტრიხკოდი ბოლო ოპერაციის თარიღი ეგზემპლარის მიმდევრობითი ნომერი (კეტერი?) ფასის ძალაში შესვლის თარიღი ეგზემპლარის სახეობა საჯარო შენიშვნა
          ბათუმის შოთა რუსთაველის სახელმწიფო უნივერსიტეტის მთავარი ბიბლიოთეკა ბათუმის შოთა რუსთაველის სახელმწიფო უნივერსიტეტის მთავარი ბიბლიოთეკა წიგნსაცავი 2018-12-17 2.00 34(479.22) დ–71 5541 2018-12-17 5541 2018-12-17 წიგნი 2 ლ.